'D' TV Character Match Quiz Stats

Quiz Updated Oct 3, 2016

Challenge
Share
Tweet
Score 0/25 Timer 04:00
0 Plays Today
% Correct
The X-Files
90.2%
The Cosby Show
88.1%
The Office (US)
84.9%
Mad Men
84.7%
The Simpsons
83.3%
Game of Thrones
82.7%
Full House
80.4%
Everybody Loves Raymond
79.1%
Roseanne
78.2%
Frasier
77.2%
Hawaii Five-O
77.2%
The Golden Girls
74.2%
That '70s Show
73.9%
% Correct
Malcolm in the Middle
68.5%
Grey's Anatomy
63.4%
The King of Queens
62.9%
The Walking Dead
61.4%
Star Trek: The Next Generation
58.7%
ER
57.2%
King of the Hill
56.3%
Lost
52.9%
Supernatural
52.8%
Dexter
52.1%
The Wire
46.4%
It's Always Sunny in Philadelphia
46.1%

You're not logged in!

Compare scores with friends on all Sporcle quizzes.
Join for Free
OR
Log In

You Might Also Like...

Show Comments

Extras

Top Quizzes Today


Score Distribution

Your Account Isn't Verified!

In order to create a playlist on Sporcle, you need to verify the email address you used during registration. Go to your Sporcle Settings to finish the process.

Report this User

Report this user for behavior that violates our Community Guidelines.

Details: